000 00422cam a2200157 4500
008 021212n2001 000 0 eng u
020 _a1899924817
035 _a(Sirsi) u120758
100 _aJames, Frances
245 2 _aA straightforward guide to the process of conveyancing
250 _a2nd ed.
260 _bStraightforward Publishing
_c2001
350 _a8.99
490 _aStraightforward Guides
942 _n0
999 _c102559
_d102559